| 000 | 01048nam a22003257a 4500 | ||
|---|---|---|---|
| 003 | CHAP | ||
| 005 | 20220329141428.0 | ||
| 008 | 971013s1982 r 00010 d | ||
| 010 | _a67996 | ||
| 011 | _a68968 | ||
| 035 | _a78442 | ||
| 040 | _cCHAP | ||
| 090 | _aTesis | ||
| 100 | 0 | 0 |
_aGarcía Moreno, José Guadalupe. _946339 |
| 245 | _aCalidad del agua para uso de la ganadería | ||
| 260 |
_aMarín, N. L. : _bEl autor, _c1982 |
||
| 500 | _a26-127 | ||
| 502 | _aTesis (Ing. Agrónomo Fitotecnista) -- Univ. Autónoma de Nuevo León. Fac. de Agronomía | ||
| 590 |
_aALEPH _b10 _c20130110 _lUCH01 _h1404 |
||
| 590 |
_aBATCH-UPD _b10 _c20130110 _lUCH01 _h0712 |
||
| 590 |
_aBATCH-UPD _b10 _c20130410 _lUCH01 _h0358 |
||
| 590 |
_aBATCH-UPD _b10 _c20130913 _lUCH01 _h2237 |
||
| 590 |
_aCONVERSION _b10 _c20130109 _lUCH01 _h1337 |
||
| 650 | 1 | 4 |
_aAgua _xAnálisis. _92280 |
| 650 | 1 | 4 |
_aAgua _xCalidad. _92316 |
| 650 | 1 | 4 |
_aAnimales domesticos _xAgua requerida. _95890 |
| 901 | _aBK | ||
| 942 | _cTESIS | ||
| 949 |
_bBC _cTES _d-31316 _eTS1 _h18353 _i78442 _si |
||
| 999 |
_c67996 _d67996 |
||